Pestos! : cooking with herb pastes /

Bibliographic Details
Main Author: Rankin, Dottie
Format: Book
Language:English
Published: Freedom, Calif. : Crossing Press, [1985]
Subjects:

MARC

Tag First Indicator Second Indicator Subfields
LEADER 00000pam a2200000 a 4500
001 in00001997152
005 20190207100756.0
008 850712s1985 caua 001 0 eng
010 |a  85017121  
019 |a 37747449 
020 |a 0895941813 (hard) :  |c $16.95 
020 |a 0895941805 (pbk.) :  |c $7.95 
035 |a (OCoLC)ocm12345178 
040 |a DLC  |c DLC  |d TXA  |d UtOrBLW 
049 |a TXAM 
050 0 0 |a TX819.P45  |b R36 1985 
082 0 |a 641.6/38  |2 19 
100 1 |a Rankin, Dottie. 
245 1 0 |a Pestos! :  |b cooking with herb pastes /  |c by Dorothy Rankin. 
264 1 |a Freedom, Calif. :  |b Crossing Press,  |c [1985] 
264 4 |c ©1985 
300 |a 140 pages :  |b illustrations ;  |c 15 x 21 cm. 
336 |a text  |b txt  |2 rdacontent 
337 |a unmediated  |b n  |2 rdamedia 
338 |a volume  |b nc  |2 rdacarrier 
500 |a The Cushing Library/Chapman Texas Collection copy is part of the Floyd & Louise Chapman Texas & Borderlands Collection.  |5 TXA 
500 |a Includes index. 
500 |a "The Texas Cookbook Collection." 
536 |a The Cushing Library/Texas & Borderlands copy was donated by Bonnie and John Kamenar. 
536 |a From the cookery collection of Jean and James Presnal '49, September 2004. 
650 0 |a Pestos. 
650 0 |a Cooking, American. 
948 |a cataloged  |b h  |c 2004/9/27  |d c  |e mphillip  |f 7:36:48 pm 
994 |a E0  |b TXA 
999 |a MARS 
999 f f |s e826038f-52ea-33ab-b8bc-23c555cdff22  |i c691284e-ff4e-3d97-a325-14ad2f546e61  |t 0 
952 f f |p noncirc  |a Texas A&M University  |b College Station  |c Cushing Memorial Library & Archives  |d Cushing: Chapman Texas Collection (Does not check out)  |t 0  |e TX819.P45 R36 1985  |h Library of Congress classification  |i unmediated -- volume 
998 f f |a TX819.P45 R36 1985  |t 0  |l Cushing: Chapman Texas Collection (Does not check out)